000 01646nam0a2200373 4500
001 RU\NLR\bibl\484523
005 20260408195131.0
010 _a5-7422-0286-5
_91000
035 _a(NLR Aleph) 000477249
090 _a1031115
_c1031115
100 _a20040129d2002 |||y0rusy50 ca
101 0 _arus
102 _aRU
105 _aa |||||||||
200 1 _aДом с четырьмя колоннадами
205 _a[Юбил. изд.]
210 _aСПб.
_cИзд-во СПбГПУ
_cGROSDESIGN
_d2002
215 _a71 с.
_cил.
_d24
300 _aНа 1-й с.: К 300-летию Санкт-Петербурга и 10-летию С.-Петерб. валют. биржи
320 _aБиблиогр. в примеч.: с. 68-70
320 _aУказ. имен: с. 71
601 0 2 _aСанкт-Петербургская валютная биржа
_xАрхитектура
_92317136
_3RU\NLR\auth\661386427
606 _aЗдания
_xИстория
_yСанкт-Петербург, город
_3RU\NLR\auth\661386378
_92317050
686 _aТ3(2-2СПб31)
686 _aЩ113(2Р=Рус)92Санкт-Петербург7
700 1 _4070
_8rus
_7ca
_aБогданов
_bИ. А.
_f1949-2010
_cисторик, писатель
_gИгорь Алексеевич
_3RU\NLR\AUTH\7735450
_918447
801 0 _aRU
_bNLR
_c20040129
_gPSBO
801 1 _aRU
_bNLR
_c20040129
830 _aАвт. по кн.
942 _cBOOK
980 _aNB
981 4 3 _a(43) Тематическая подборка Санкт-Петербург
_b(43) Дворцы. Особняки. Дома